LEADER 01090nam a2200253 4500 001 000000343576 003 CaOOAMICUS 005 20210104162024.0 008 210104s2004 it a 000 u ita r 020 $a88-215-5224-1 040 $aSeMil$bita 100 1 $aVena, Andrea.$0(OLS)http://semarc/name/61880 245 10$aBenedetta Bianchi Porro :$bbiografia autorizzata /$cAndrea Vena. 264 1$aCinisello Balsamo :$bSan Paolo,$c2014. 300 $a200 p., [4] c. di tav. :$bill. ;$c22 cm 490 1 $aI protagonisti ;$v65 600 14$aBianchi Porro, Benedetta .$0(OLS)http://semarc/subject/8188 830 2$aI protagonisti ;$v65.$0(OLS)http://semarc/title/5908 850 $aSeMil 852 $aSeMil$W1$xVenegono$y1$m3H II 545$j223744$B234607$CSeMilBibl$Z2$F234607 $81 996 $6020$a88-215-5224-1$9(OLS)http://semarc/number/291963 996 $6245$aBenedetta Bianchi Porro :$bbiografia autorizzata$9(OLS)http://semarc/title/432580 996 $6264$aCinisello Balsamo :$bSan Paolo$9(OLS)http://semarc/publisher/30129 LEADER 00835nam a2200229 i 4500 001 000000215608 003 CaOOAMICUS 005 20151215000000.0 008 151215s1966 it u000 u ita u 013 $a194483 040 $aSeMil$bita 100 1 $aJerome, Jerome Klapka,$d<1859-1927>.$0(OLS)http://semarc/name/39875 245 10$aAppunti di romanzo /$cJerome K. Jerome. 260 $aMilano :$bBietti,$cstampa 1966. 300 $a185 p. ;$c18 cm. 490 0 $aIl Picchio ;$v50 830 3$aIl Picchio ;$v50.$0(OLS)http://semarc/title/24848 850 $aSeMil 852 $aSeMil$W1$xVenegono$y1$m1V I 240$j166028$B166028$CSeMilBibl$Z2$F209143 $81 961 $aLascito: Milani don Felice 996 $6245$aAppunti di romanzo$9(OLS)http://semarc/title/310339 996 $6260$aMilano :$bBietti$9(OLS)http://semarc/publisher/31762